Les communes limitrophes de Vitry-sur-Seine - Statistiques

Statistiques générales
  • Ce quiz a été pris 107 fois
  • Le résultat moyen est 6 sur 7
Statistiques - réponses
Hint Réponse % Correct
Nord Ivry-sur-Seine
99%
Ouest Villejuif
93%
Est Alfortville
89%
Sud Thiais
88%
Sud Choisy-le-Roi
87%
Sud-Ouest Chevilly-Larue
68%
Ouest L’Haÿ-les-Roses
55%
Aucun quiz correspondant
Distribution des résultats
% des personnes avec chaque résultat
Percentile par nombre de réponses
Votre historique - résultats
Vous n’avez pas pris ce quiz